La enseñanza artística: dibujo y pintura

Shranjeno v:
Bibliografske podrobnosti
Glavni avtor: Lewis, Hilda Present (Author)
Format: Knjiga
Jezik:španščina
Izdano: Buenos Aires Librería del Colegio 1970
Serija:Nueva Pedagogía, 23
Teme:
Oznake: Označite
Brez oznak, prvi označite!

MARC

LEADER 00000nam a2200000 a 4500
001 UCU1020
003 CL-VaPUC
008 960329e19700000AG |||||||||||||||||spa|d
082 0 4 |a 372.5  |b LEW  |2 21 
100 0 |a Lewis, Hilda Present  |e author  |9 356606 
245 1 3 |a La enseñanza artística: dibujo y pintura 
300 |a 47 p 
942 |c BK 
945 |d 19960329 00:00:00  |a lriquelm 
260 |a Buenos Aires  |b Librería del Colegio  |c 1970 
650 0 |a Educación artística  |9 269035 
650 0 |a Creatividad   |9 310816 
650 0 |a Dibujo   |9 260181 
650 0 |a Pintura  |9 265046 
650 0 |a Artes gráficas  |9 265865 
583 |a last modification  |c 19960329 00:00:00  |k Rodrigo Vera 
490 0 |a Nueva Pedagogía, 23 
999 |c 245792  |d 245790 
952 |0 0  |1 0  |4 0  |6 372_500000000000000_LEW_1970  |7 0  |8 P  |9 260391  |a BIBEDU  |b BIBEDU  |c BIBEDU_PB  |d 2019-11-19  |i 1639757  |o 372.5 LEW 1970  |p 1639757  |r 2024-01-25  |w 2019-11-19  |y BK  |k EDU